| 000 | 00761nam a2200229 4500 | ||
|---|---|---|---|
| 001 | 2162214035924552 | ||
| 003 | UA-OsUOA | ||
| 005 | 20240105125248.0 | ||
| 008 | 240105b un ||||| |||| 00| 0 ukr d | ||
| 040 |
_aUA-OsUOA _bukr _cUA-OsUOA _dUA-OsUOA |
||
| 041 | _aukr | ||
| 080 | _a821.161.2 | ||
| 090 |
_a821.161.2 _bВ75 |
||
| 100 | _aВоробкевич С. | ||
| 245 |
_aТвори _cСидір Воробкевич |
||
| 260 |
_aУжгород _bКарпати _c1986 |
||
| 300 | _a562 с. | ||
| 650 |
_2UDC _a821.161.2 Українська література |
||
| 942 |
_2udc _cBK |
||
| 955 | _a3 | ||
| 999 |
_c575704 _d575704 |
||